[Event "Wch U20 Girls 35th"]
[Site "Tarvisio"]
[Date "2017.11.22"]
[Round "9"]
[White "Vangsgaard, Freja"]
[Black "Vernet, Solene"]
[Result "0-1"]
[WhiteElo "2035"]
[BlackElo "1862"]
[PlyCount "98"]
[EventDate "2017.11.13"]
[EventType "swiss"]
[EventRounds "11"]
[EventCountry "ITA"]
[SourceTitle "CBM 181 Extra"]
[Source "ChessBase"]
[SourceDate "2017.12.12"]
[SourceVersion "1"]
[SourceVersionDate "2017.12.12"]
[SourceQuality "1"]

1. d4 Nf6 2. c4 e6 3. Nc3 c5 4. d5 exd5 5. cxd5 g6 6. g3 Bg7 7. Bg2 0-0 8. Nf3 d6 9. Nd2 a6 10. a4 Nbd7 11. Nc4 Nb6 12. Qb3 Nxc4 13. Qxc4 b5 14. Qb3 b4 15. Nd1 Qe7 16. Ne3 a5 17. 0-0 Ba6 18. Re1 Rfc8 19. Nc4 Bxc4 20. Qxc4 Nd7 21. Qc2 c4 22. Rb1 b3 23. Qd1 Nb6 24. Be3 Nxa4 25. Bd4 Bh6 26. e4 Nc5 27. Bf1 Nd7 28. Bc3 a4 29. f4 Qf8 30. e5 dxe5 31. fxe5 Bg7 32. Bh3 Rd8 33. d6 Nxe5 34. Bxe5 Bxe5 35. Rxe5 Rxd6 36. Qe2 Rd4 37. Bg2 Rad8 38. Bc6 a3 39. bxa3 Qxa3 40. Re8+ Rxe8 41. Qxe8+ Qf8 42. Qxf8+ Kxf8 43. Ba4 h5 44. Kf1 Rd2 45. Kg1 b2 46. Re1 c3 47. Re8+ Kg7 48. Rb8 c2 49. Bxc2 Rxc2 0-1

[Event "FRA-ch U16 Girls"]
[Site "Saint Paul Trois Chateaux"]
[Date "2013.05.06"]
[Round "9"]
[White "Imperor, Lorene"]
[Black "Vernet, Solene"]
[Result "1-0"]
[WhiteElo "1853"]
[BlackElo "1743"]
[PlyCount "105"]
[EventDate "2013.04.28"]
[EventType "swiss"]
[EventRounds "9"]
[EventCountry "FRA"]
[SourceTitle "CBM 154 Extra"]
[Source "ChessBase"]
[SourceDate "2013.06.25"]
[SourceVersion "2"]
[SourceVersionDate "2013.06.25"]
[SourceQuality "1"]

1. d4 Nf6 2. c4 e6 3. Nc3 Bb4 4. Qc2 0-0 5. a3 Bxc3+ 6. Qxc3 Qe8 7. f3 d5 8. Bf4 Qd7 9. e3 a5 10. Bd3 dxc4 11. Bxc4 b5 12. Ba2 Bb7 13. Qxc7 Qxc7 14. Bxc7 Rc8 15. Bxb8 Raxb8 16. Kd2 Bd5 17. Bxd5 Nxd5 18. Ne2 b4 19. e4 bxa3 20. Rab1 axb2 21. Nc3 a4 22. exd5 a3 23. dxe6 fxe6 24. Rhe1 Rb3 25. Na2 Kf7 26. Re5 Rc4 27. Re4 Rb7 28. Re3 Rxd4+ 29. Rd3 Rxd3+ 30. Kxd3 Kf6 31. Kc2 Kf5 32. Re1 Kf4 33. Kb1 Rb3 34. Re4+ Kf5 35. Re1 h5 36. Kc2 Rb5 37. Nc3 Rb7 38. Kb1 Rc7 39. Re3 Kf4 40. Rd3 Rb7 41. Ne2+ Ke5 42. Rxa3 g5 43. Ra5+ Kf6 44. Ra4 Rd7 45. Rd4 Rxd4 46. Nxd4 Ke5 47. Ne2 g4 48. Kxb2 gxf3 49. gxf3 Kf5 50. Kc3 Kg5 51. Kd4 Kf6 52. Ke4 e5 53. h4 1-0

[Event "FRA-ch U16 Girls"]
[Site "Saint Paul Trois Chateaux"]
[Date "2013.05.02"]
[Round "5"]
[White "Malassagne, Isabelle"]
[Black "Vernet, Solene"]
[Result "1-0"]
[WhiteElo "1990"]
[BlackElo "1743"]
[PlyCount "55"]
[EventDate "2013.04.28"]
[EventType "swiss"]
[EventRounds "9"]
[EventCountry "FRA"]
[SourceTitle "CBM 154 Extra"]
[Source "ChessBase"]
[SourceDate "2013.06.25"]
[SourceVersion "2"]
[SourceVersionDate "2013.06.25"]
[SourceQuality "1"]

1. d4 Nf6 2. c4 e6 3. Nc3 Bb4 4. Nf3 0-0 5. Bg5 d5 6. e3 Nbd7 7. Bd3 b6 8. cxd5 exd5 9. Rc1 Bb7 10. 0-0 h6 11. Bh4 Rc8 12. Bf5 Be7 13. Qb3 c6 14. Ne5 Ra8 15. Bxd7 Nxd7 16. Bxe7 Qxe7 17. Nxd5 cxd5 18. Rc7 Ba6 19. Rxd7 Qe6 20. Rc1 Bc4 21. Qa3 Rac8 22. b3 Bb5 23. Rdc7 Rxc7 24. Rxc7 Qf5 25. h3 Qb1+ 26. Rc1 Qe4 27. Qxa7 f5 28. Rc7 1-0

[Event "FRA-ch U16 Girls"]
[Site "Saint Paul Trois Chateaux"]
[Date "2013.04.30"]
[Round "3"]
[White "Vernet, Solene"]
[Black "Dedisse, Mariane"]
[Result "1-0"]
[WhiteElo "1743"]
[BlackElo "1625"]
[PlyCount "73"]
[EventDate "2013.04.28"]
[EventType "swiss"]
[EventRounds "9"]
[EventCountry "FRA"]
[SourceTitle "CBM 154 Extra"]
[Source "ChessBase"]
[SourceDate "2013.06.25"]
[SourceVersion "2"]
[SourceVersionDate "2013.06.25"]
[SourceQuality "1"]

1. d4 Nf6 2. c4 e6 3. g3 d5 4. Nf3 b6 5. Bg2 Bb7 6. 0-0 Be7 7. Qc2 0-0 8. Rd1 Nbd7 9. b3 Rc8 10. Nbd2 c5 11. e3 Ne4 12. Nxe4 dxe4 13. Ne5 Nxe5 14. dxe5 Qc7 15. Bxe4 Bxe4 16. Qxe4 Rcd8 17. Bb2 Rd7 18. Qg4 Rfd8 19. e4 Rd2 20. Rxd2 Rxd2 21. Bc1 Rd4 22. Be3 Rd3 23. Rd1 Qd7 24. Re1 Qc7 25. f4 a6 26. Qe2 Qd7 27. Rf1 h6 28. f5 Bg5 29. Bxg5 hxg5 30. Rf2 Qd4 31. fxe6 fxe6 32. Kf1 Re3 33. Qh5 Qd3+ 34. Kg2 Qxe4+ 35. Kh3 g4+ 36. Kh4 Qh7 37. Rf8+ 1-0

[Event "FRA-ch U14 Girls"]
[Site "Montlucon"]
[Date "2011.04.24"]
[Round "9"]
[White "Imperor, Lorene"]
[Black "Vernet, Solene"]
[Result "1-0"]
[WhiteElo "1672"]
[BlackElo "1707"]
[PlyCount "123"]
[EventDate "2011.04.17"]
[EventType "swiss"]
[EventRounds "9"]
[EventCountry "FRA"]
[SourceTitle "CBM 142 Extra"]
[Source "ChessBase"]
[SourceDate "2011.06.27"]
[SourceVersion "1"]
[SourceVersionDate "2011.06.27"]
[SourceQuality "1"]

1. d4 Nf6 2. c4 e6 3. Nc3 Bb4 4. Qc2 b6 5. Nf3 Bb7 6. Bg5 d6 7. e3 Nbd7 8. Be2 0-0 9. 0-0 Bxc3 10. bxc3 h6 11. Bh4 c5 12. Nd2 Qc7 13. e4 cxd4 14. cxd4 d5 15. e5 Ne4 16. Nxe4 dxe4 17. Rac1 Rac8 18. f3 exf3 19. Bxf3 Bxf3 20. Rxf3 Qb7 21. Qd2 Qe4 22. Rf4 Qg6 23. Qe2 h5 24. Be7 Rfe8 25. Bd6 Qh6 26. Rff1 h4 27. c5 bxc5 28. dxc5 Nb6 29. Qf2 f6 30. exf6 Qxf6 31. Qxf6 gxf6 32. cxb6 Rxc1 33. Rxc1 axb6 34. Rc4 e5 35. Rxh4 e4 36. Kf2 f5 37. Rf4 e3+ 38. Ke2 Kg7 39. Rxf5 Kg6 40. Re5 Ra8 41. a3 Rh8 42. Rxe3 Kf5 43. Rb3 Rg8 44. Kf3 Ke6 45. Rxb6 Kd5 46. g4 Ke6 47. g5 Kf5 48. h4 Kg6 49. Kg4 Rc8 50. h5+ Kh7 51. Rb7+ Kg8 52. Rb8 Rxb8 53. Bxb8 Kf7 54. Kf5 Kg7 55. a4 Kf7 56. a5 Ke7 57. a6 Kf7 58. a7 Kg7 59. a8Q Kf7 60. Qb7+ Kg8 61. Kg6 Kf8 62. Qf7# 1-0

[Event "FRA-ch U14 Girls"]
[Site "Montlucon"]
[Date "2011.04.22"]
[Round "7"]
[White "Vernet, Solene"]
[Black "Dol, Cecile"]
[Result "1-0"]
[WhiteElo "1707"]
[BlackElo "1563"]
[PlyCount "39"]
[EventDate "2011.04.17"]
[EventType "swiss"]
[EventRounds "9"]
[EventCountry "FRA"]
[SourceTitle "CBM 142 Extra"]
[Source "ChessBase"]
[SourceDate "2011.06.27"]
[SourceVersion "1"]
[SourceVersionDate "2011.06.27"]
[SourceQuality "1"]

1. e4 e6 2. d4 d5 3. exd5 exd5 4. c4 dxc4 5. Bxc4 Nf6 6. Nc3 Be7 7. Nf3 Bg4 8. Bxf7+ Kf8 9. Bb3 Nc6 10. Be3 h5 11. h3 Bf5 12. Ng5 Qc8 13. Nf7 Rh7 14. Ne5 Nd8 15. Rc1 Bb4 16. 0-0 Bd6 17. Nb5 Bxe5 18. dxe5 Ne8 19. Bc5+ Nd6 20. Bxd6+ 1-0

[Event "FRA-ch U12 Girls"]
[Site "Troyes"]
[Date "2010.04.18"]
[Round "9"]
[White "Thomas, Apolline"]
[Black "Vernet, Solene"]
[Result "1-0"]
[WhiteElo "1600"]
[BlackElo "1520"]
[PlyCount "121"]
[EventDate "2010.04.11"]
[EventType "swiss"]
[EventRounds "9"]
[EventCountry "FRA"]
[SourceTitle "EXT 2012"]
[Source "ChessBase"]
[SourceDate "2011.11.24"]
[SourceVersion "1"]
[SourceVersionDate "2011.11.24"]
[SourceQuality "1"]

1. d4 d5 2. c4 e6 3. Nc3 Nf6 4. Bg5 Bb4 5. Nf3 h6 6. Bh4 Nc6 7. cxd5 exd5 8. e3 Ne7 9. a3 Bxc3+ 10. bxc3 Ne4 11. Qc2 Qd6 12. Bd3 f5 13. Bxe4 fxe4 14. Bg3 Qb6 15. Ne5 Ng6 16. Qa4+ Kf8 17. Qb4+ Qxb4 18. Nxg6+ Kg8 19. axb4 Rh7 20. Ne7+ Kf7 21. Nxc8 Rxc8 22. Rxa7 c6 23. Rxb7+ Ke6 24. Rb8 Rxb8 25. Bxb8 g6 26. Ke2 Rb7 27. Bg3 Ra7 28. Rd1 Ra3 29. Rc1 Ra2+ 30. Kd1 g5 31. Rc2 Ra3 32. f3 Kf5 33. fxe4+ Kxe4 34. Ke2 h5 35. Be5 g4 36. Bd6 Rb3 37. Bf4 h4 38. Kf2 Kd3 39. Rc1 Rb2+ 40. Kf1 g3 41. hxg3 hxg3 42. Bxg3 Kxe3 43. Be1 Kf4 44. Ra1 Ke3 45. Ra6 Kd3 46. Rxc6 Ke4 47. Rc5 Rb3 48. b5 Rb2 49. g4 Kf4 50. Rxd5 Kxg4 51. c4 Kf4 52. Rd8 Ke4 53. d5 Kd4 54. d6 Kxc4 55. d7 Rxb5 56. Rc8+ Kb3 57. d8Q Rf5+ 58. Kg2 Re5 59. Qb6+ Ka4 60. Ra8+ Ra5 61. Rxa5# 1-0